| 000 | 00808nam a22002057a 4500 | ||
|---|---|---|---|
| 999 |
_c10221 _d10221 |
||
| 003 | AR-CdUCM | ||
| 008 | 190329b ||||| |||| 00| 0 spa d | ||
| 040 |
_aMUNICIPALIDAD PROVINCIAL DEL CUSCO _cBIBLIOTECA MUNICIPAL DEL CUSCO |
||
| 082 |
_a109 / _bF78 / 1933 |
||
| 100 |
_aFouillée, Alfredo _926941 |
||
| 245 | _aHistoria general de la filosofía / | ||
| 260 |
_aMadrid : _bRubio, _c1933 |
||
| 300 |
_a3 tomos ; _c22 cm. |
||
| 440 |
_aNueva biblioteca filosófica. _n4 _926942 |
||
| 500 | _aNueva edición, aumentada con la historia de la filosofía contemporánea. | ||
| 505 | _aContenido : Filosofía inglesa y escocesa -- La filosofía francesa durante el siglo XVIII -- Filosofía alemana durante el siglo XVIII ... | ||
| 650 |
_aPales, F. Gallach _926943 |
||
| 942 |
_2ddc _cLIBROS |
||
| 945 | _arah | ||